| 000 | 00585nam a22001817a 4500 | ||
|---|---|---|---|
| 005 | 20171027135857.0 | ||
| 010 | _aENG-121089 | ||
| 020 |
_c115.00 _a9788123429625 |
||
| 035 | _aEN-104621 | ||
| 037 | _bDBAD/PUB | ||
| 082 | _a658.3005 | ||
| 100 | _aChandrasekar, S. | ||
| 245 |
_aHuman resource management : _cby S. Chandrasekar _bpractice, purpose, performance / |
||
| 260 |
_aChannai _bNew Century Book House _c2015 |
||
| 270 |
_a41-B, SIDCO Industrial Estate, Ambattur _bChannai _e600098 |
||
| 300 |
_a132p. _c22cm(pbk) _bill. |
||
| 942 |
_2ddc _cEN _h658.3005 _mCHA |
||
| 999 |
_c146934 _d146934 |
||